[Event "Chigorin Memorial"]
[Site "St Petersburg RUS"]
[Date "2012.10.29"]
[Round "3.22"]
[White "Bajarani, Ulvi"]
[Black "Cori, Jorge"]
[Result "0-1"]
[WhiteTitle "IM"]
[BlackTitle "GM"]
[WhiteElo "2436"]
[BlackElo "2522"]
[WhiteFideId "13403028"]
[BlackFideId "3802272"]
[EventDate "2012.10.27"]

1. e4 e5 2. Nf3 Nc6 3. Bb5 Nf6 4. d3 d6 5. O-O Be7 6. d4 O-O 7. Bxc6 bxc6 8. Re1
exd4 9. Nxd4 Bd7 10. Nc3 Re8 11. Qf3 Qc8 12. h3 c5 13. Nf5 Bxf5 14. exf5 Rb8 15.
b3 Qb7 16. Qxb7 Rxb7 17. Bg5 Kf8 18. Re2 h6 19. Bxf6 Bxf6 20. Rxe8+ Kxe8 21.
Re1+ Kd7 22. Nd5 Bd8 23. Nf4 c4 24. Re4 cxb3 25. axb3 Rb5 26. g4 Rc5 27. Re2 Bf6
28. Kg2 a5 29. Nd3 Rc6 30. f4 a4 31. bxa4 Rc4 32. Kg3 Rxa4 33. h4 Ra1 34. g5 Bd4
35. Kg4 Rg1+ 36. Kh5 c5 37. Ne1 hxg5 38. fxg5 Rg3 39. Ng2 Be5 40. c4 Rf3 41. Kg4
Rd3 42. h5 Rd4+ 43. Kf3 Rxc4 44. f6 gxf6 45. h6 Rc3+ 46. Ne3 fxg5 47. Kg4 Rc1
48. Kxg5 Rh1 49. Ng4 Ke6 50. Nxe5 dxe5 51. Rc2 f6+ 52. Kg6 Rg1+ 53. Kh7 f5 54.
Kh8 f4 55. h7 Kf5 56. Rxc5 Rh1 57. Rc6 f3 58. Kg7 Rxh7+ 59. Kxh7 e4 60. Rc5+ Kg4
61. Kg6 f2 62. Re5 Kf3 63. Kg5 e3 64. Rf5+ Kg2 0-1

[Event "Chigorin Memorial"]
[Site "St Petersburg RUS"]
[Date "2012.10.29"]
[Round "3.23"]
[White "Stupak, Kirill"]
[Black "Sipila, Vilka"]
[Result "1-0"]
[WhiteTitle "GM"]
[BlackTitle "FM"]
[WhiteElo "2520"]
[BlackElo "2430"]
[WhiteFideId "13503758"]
[BlackFideId "505455"]
[EventDate "2012.10.27"]

1. d4 d5 2. Nf3 Nf6 3. g3 e6 4. Bg2 Be7 5. O-O O-O 6. c4 dxc4 7. Ne5 c5 8. Na3
cxd4 9. Naxc4 Nd5 10. Qxd4 f6 11. Nf3 Nc6 12. Qe4 Bd7 13. Rd1 Rc8 14. Bd2 b5 15.
Ne3 Nb6 16. Rac1 f5 17. Qd3 a6 18. Bc3 Bf6 19. Nd4 Nxd4 20. Bxd4 Rxc1 21. Rxc1
Bc8 22. Bc5 Qc7 23. Qd6 Qxd6 24. Bxd6 Re8 25. b3 Bd7 26. Bb7 a5 27. Rd1 Bc8 28.
Bc6 Bd7 29. Bxd7 Nxd7 30. Bc7 Ne5 31. Rd6 a4 32. Rb6 Rc8 33. Bxe5 Bxe5 34. Rxb5
Rc1+ 35. Kg2 Bd4 36. Nc4 Rc2 37. e3 Bf6 38. Ra5 axb3 39. axb3 g5 40. Rc5 Be7 41.
Rc6 Bb4 42. Rxe6 Kg7 43. Ne5 Rb2 44. Nf3 h6 45. h4 Bc3 46. hxg5 hxg5 47. Nxg5
Be1 48. Nh3 Rxb3 49. Nf4 Bc3 50. Re7+ Kh6 51. Rf7 Kg5 52. Rc7 Bf6 53. Rc5 Rb2
54. e4 Kg4 55. Rxf5 Be5 56. Nd3 Rb1 57. f3# 1-0

[Event "Chigorin Memorial"]
[Site "St Petersburg RUS"]
[Date "2012.10.29"]
[Round "3.25"]
[White "Alekseenko, Kirill"]
[Black "Al-Sayed, Mohammed"]
[Result "1-0"]
[WhiteTitle "FM"]
[BlackTitle "GM"]
[WhiteElo "2434"]
[BlackElo "2511"]
[WhiteFideId "4135539"]
[BlackFideId "12100196"]
[EventDate "2012.10.27"]

1. e4 c5 2. Nf3 d6 3. d4 cxd4 4. Nxd4 Nf6 5. Nc3 a6 6. Be2 Nbd7 7. Be3 e6 8. g4
h6 9. f4 g5 10. f5 Ne5 11. h3 Bd7 12. fxe6 fxe6 13. Nf3 Bc6 14. Qd4 Nfd7 15.
O-O-O Rg8 16. Nd2 Qe7 17. Nb3 Ng6 18. Na5 Nde5 19. Rhf1 Rd8 20. Kb1 Bg7 21. Qb4
Rf8 22. Bb6 Rd7 23. Bd4 Rd8 24. a4 Nf4 25. Bxa6 Rd7 26. Bb5 Bxb5 27. Nxb5 Kf7
28. Bxe5 Bxe5 29. Nc4 Rfd8 30. Nb6 Kg6 31. Nxd7 Qxd7 32. Nd4 Nxh3 33. Nf3 Bg7
34. Rd2 Nf4 35. Rfd1 d5 36. exd5 exd5 37. Nh4+ Kh7 38. Nf5 Re8 39. a5 Qc6 40.
Rh2 Re4 41. Qb3 Bf8 42. c3 Kg8 43. Rdh1 h5 44. Ng3 Qg6 45. Nxe4 Qxe4+ 46. Qc2
hxg4 47. Qxe4 dxe4 48. Rg1 Kg7 49. Rxg4 Kf6 50. Rh7 e3 51. Kc2 Bc5 52. b4 1-0

[Event "Chigorin Memorial"]
[Site "St Petersburg RUS"]
[Date "2012.10.29"]
[Round "3.28"]
[White "Iljiushenok, Ilia"]
[Black "Areshchenko, Alexander"]
[Result "0-1"]
[BlackTitle "GM"]
[WhiteElo "2427"]
[BlackElo "2710"]
[WhiteFideId "24105074"]
[BlackFideId "14109530"]
[EventDate "2012.10.27"]

1. e4 c5 2. Nf3 d6 3. d4 cxd4 4. Nxd4 Nf6 5. Nc3 a6 6. Be3 e5 7. Nb3 Be6 8. Qd2
Nbd7 9. O-O-O Be7 10. f4 b5 11. f5 Bc4 12. g4 Nxg4 13. Rg1 Nxe3 14. Qxe3 Bxf1
15. Rdxf1 h6 16. Kb1 Bg5 17. Qf2 Rc8 18. Nd5 Nf6 19. h4 Nxd5 20. hxg5 Nf4 21.
gxh6 gxh6 22. Qd2 h5 23. Rxf4 exf4 24. Qd4 f6 25. Qd5 Qe7 26. Nd4 f3 27. Nxf3 h4
28. a4 bxa4 29. e5 dxe5 30. Nxh4 Qf7 31. Qe4 Qc4 32. Qb7 Rxh4 33. Ka1 a3 0-1

[Event "Chigorin Memorial"]
[Site "St Petersburg RUS"]
[Date "2012.10.29"]
[Round "3.30"]
[White "Aitbayev, Aslan"]
[Black "Eljanov, Pavel"]
[Result "1/2-1/2"]
[BlackTitle "GM"]
[WhiteElo "2416"]
[BlackElo "2681"]
[WhiteFideId "13704613"]
[BlackFideId "14102951"]
[EventDate "2012.10.27"]

1. e4 e5 2. Nf3 Nc6 3. Bb5 a6 4. Ba4 Nf6 5. O-O Be7 6. Re1 b5 7. Bb3 d6 8. c3
O-O 9. d4 Bg4 10. d5 Na5 11. Bc2 Qc8 12. h3 Bd7 13. Nbd2 c6 14. dxc6 Qxc6 15.
Nf1 Rfc8 16. Bd3 h6 17. Ng3 Bf8 18. Nh2 Be6 19. Qf3 Nh7 20. Ng4 Kh8 21. Ne3 Nc4
22. a4 bxa4 23. Bxc4 Bxc4 24. Nxc4 Qxc4 25. Qd1 a3 26. Rxa3 Nf6 27. Ra4 Qc6 28.
Ra5 Qb6 29. Qa4 g6 30. Qa2 Qb7 31. Bd2 h5 32. Bg5 Nh7 33. Be3 Kg8 34. f3 Rab8
35. Re2 Rc6 36. Nf1 Be7 37. Kh1 Kg7 38. Bf2 Bg5 39. Ne3 Bxe3 40. Bxe3 Qb3 41.
Qa1 Nf6 42. Rd2 Qb7 43. Qa3 Ne8 44. Rad5 Qb3 45. Qa1 Qc4 46. Ra5 Nc7 47. Qd1 Rb5
48. Rxb5 Nxb5 49. Qa1 Nc7 50. Qa5 Qb5 51. Qa1 a5 52. Kh2 Ra6 53. Qa3 Qc4 54. Qa1
a4 55. Qd1 Nb5 56. Rd5 Qc6 57. Qd2 f6 58. Bc5 g5 59. Bb4 h4 1/2-1/2

[Event "Chigorin Memorial"]
[Site "St Petersburg RUS"]
[Date "2012.10.29"]
[Round "3.32"]
[White "Zvjaginsev, Vadim"]
[Black "Vlasenko, Miroslav"]
[Result "0-1"]
[WhiteTitle "GM"]
[BlackTitle "IM"]
[WhiteElo "2678"]
[BlackElo "2400"]
[WhiteFideId "4113403"]
[BlackFideId "4151887"]
[EventDate "2012.10.27"]

1. e4 Nc6 2. Nc3 e6 3. Nf3 Bb4 4. Ne2 d5 5. e5 d4 6. c3 dxc3 7. bxc3 Ba5 8. g3
Qd5 9. Nf4 Qe4+ 10. Qe2 Qxe2+ 11. Bxe2 Nge7 12. Ba3 O-O 13. O-O Rd8 14. Rfc1 Ng6
15. d4 Nxf4 16. gxf4 Bd7 17. Rab1 Be8 18. Bd3 Bb6 19. f5 exf5 20. Bxf5 Bd7 21.
Be4 Bg4 22. Re1 Na5 23. Be7 Re8 24. Bh4 c5 25. Rbd1 cxd4 26. cxd4 Rac8 27. h3
Bh5 28. d5 Rc4 29. Rd3 Bxf3 30. Rxf3 Rxe5 31. Bxh7+ Kxh7 32. Rxe5 Rxh4 33. Rxf7
Rh6 34. Re6 Rxh3 35. Ree7 Rg3+ 36. Kf1 Rg6 37. Rf5 Kh6 38. Re4 Rf6 39. Rxf6+
gxf6 40. Re7 Kg6 41. d6 Bc5 42. Re6 Nc6 43. d7 Bb6 44. Re8 Kf7 45. f4 f5 46. Kg2
Bd8 47. Re1 Bf6 48. Kg3 Nd8 49. Re3 Ne6 50. Ra3 Bd4 51. Ra5 Kf6 52. Rd5 Bb6 53.
Rb5 Nd8 54. Re5 Bc7 55. Re8 Ne6 56. Kf2 Bd8 57. Kf3 Be7 58. Rh8 Nd8 59. Rh6+ Kf7
60. Kg3 Bf6 61. Rh5 Ke6 62. a4 Nf7 63. Kf3 Be7 64. Rh7 Nd6 0-1

[Event "Chigorin Memorial"]
[Site "St Petersburg RUS"]
[Date "2012.10.29"]
[Round "3.33"]
[White "Grachev, Boris"]
[Black "Mishuchkov, Nikolai M."]
[Result "1-0"]
[WhiteTitle "GM"]
[BlackTitle "IM"]
[WhiteElo "2672"]
[BlackElo "2393"]
[WhiteFideId "4129199"]
[BlackFideId "4102401"]
[EventDate "2012.10.27"]

1. Nf3 Nf6 2. c4 e6 3. g3 d5 4. Bg2 dxc4 5. Qa4+ Nbd7 6. Qxc4 c5 7. O-O b6 8. b3
Bb7 9. Bb2 Rc8 10. d3 Be7 11. Nbd2 O-O 12. Rfd1 Qc7 13. Rac1 Qb8 14. Qc2 Nd5 15.
a3 Bf6 16. Nc4 Bxb2 17. Qxb2 N5f6 18. Ncd2 Rfd8 19. b4 cxb4 20. axb4 a6 21. Nc4
Ne8 22. b5 axb5 23. Qxb5 Nd6 24. Nxd6 Qxd6 25. Nd2 Bxg2 26. Kxg2 Rc5 27. Rxc5
Qxc5 28. Qb2 Rc8 29. Rb1 h6 30. Nc4 Ra8 31. h4 Rb8 32. Na3 Ra8 33. Nc4 Rb8 34.
Qb5 Qxb5 35. Rxb5 Kf8 36. f4 Ke7 37. Kf3 Rc8 38. Ke3 f6 39. g4 Rc6 40. Rb1 Kd8
41. Kd4 Kc7 42. f5 Nc5 43. fxe6 Nxe6+ 44. Ke3 Nf8 45. Kf3 Ng6 46. h5 Nf8 47. Ne3
Rc5 48. d4 Ra5 49. Rc1+ Kd7 50. Nc4 Ra6 51. Rb1 Kc6 52. Ne3 Nh7 53. Kf4 Ra2 54.
Rc1+ Kd7 55. Nc2 Nf8 56. e3 Ne6+ 57. Ke4 Ra5 58. Rb1 Ng5+ 59. Kd3 Kc7 60. Rb3 f5
61. gxf5 Rxf5 62. Ra3 Kb7 63. Ra1 Nh3 64. e4 Nf2+ 65. Ke3 Ng4+ 66. Ke2 Rxh5 67.
Ne3 Rh2+ 68. Kf3 Rh3+ 69. Kxg4 Rxe3 70. Kf4 Rd3 71. Ke5 g5 72. d5 g4 73. Kd6 g3
74. e5 h5 75. e6 h4 76. Re1 Ra3 77. e7 Ra8 78. Ke6 g2 79. d6 h3 80. d7 h2 81.
d8=Q Rxd8 82. exd8=Q g1=Q 83. Qd7+ 1-0

[Event "Chigorin Memorial"]
[Site "St Petersburg RUS"]
[Date "2012.10.29"]
[Round "3.34"]
[White "Nikologorskiy, Konstantin"]
[Black "Matlakov, Maxim"]
[Result "1/2-1/2"]
[WhiteTitle "FM"]
[BlackTitle "GM"]
[WhiteElo "2400"]
[BlackElo "2665"]
[WhiteFideId "24111708"]
[BlackFideId "4168003"]
[EventDate "2012.10.27"]

1. c4 g6 2. Nc3 c5 3. g3 Bg7 4. Bg2 Nc6 5. Nf3 e5 6. O-O d6 7. d3 Nge7 8. Ne1
O-O 9. Nc2 Be6 10. Rb1 d5 11. cxd5 Nxd5 12. Ne3 Nde7 13. a3 Rc8 14. Nc4 Qd7 15.
Ne4 b6 16. Bh6 f5 17. Bxg7 Kxg7 18. Ng5 Bg8 19. Qc1 b5 20. Nd2 Nd4 21. Qd1 Rfd8
22. Ngf3 Qd6 23. Nxd4 exd4 24. a4 a6 25. axb5 axb5 26. Ra1 c4 27. dxc4 bxc4 28.
Nf3 Qf6 29. Ra7 Kh8 30. Qa4 Rd6 31. Rd7 Rd8 32. Rxd8 Rxd8 33. Rd1 Nc6 34. Rc1
Ne5 35. Qa5 Nxf3+ 36. Bxf3 Rd6 37. Qc5 Kg7 38. Qc7+ Kh6 39. Ra1 d3 40. exd3 cxd3
41. Ra8 d2 42. Rxg8 d1=Q+ 43. Bxd1 Rxd1+ 44. Kg2 Qd4 45. Qf4+ Qxf4 46. gxf4 Rd4
47. Rb8 Rxf4 1/2-1/2

[Event "Chigorin Memorial"]
[Site "St Petersburg RUS"]
[Date "2012.10.29"]
[Round "3.35"]
[White "Svetlov, Dmitry"]
[Black "Khairullin, Ildar"]
[Result "0-1"]
[WhiteTitle "FM"]
[BlackTitle "GM"]
[WhiteElo "2399"]
[BlackElo "2639"]
[WhiteFideId "24102610"]
[BlackFideId "4151348"]
[EventDate "2012.10.27"]

1. d4 f5 2. c4 Nf6 3. Nc3 e6 4. Nf3 Bb4 5. Qb3 a5 6. g3 c5 7. Bg2 Nc6 8. dxc5
Ne4 9. O-O Nxc3 10. bxc3 Bxc5 11. Qb5 b6 12. Ne5 O-O 13. Rd1 Nxe5 14. Bxa8 Ng4
15. Rd4 Qf6 16. Be3 Nxe3 17. fxe3 Qh6 18. Rd3 f4 19. Rf1 fxg3 20. Rxf8+ Kxf8 21.
hxg3 Qh3 22. Bf3 Qxg3+ 23. Kf1 Ke7 24. Qb1 Ba6 25. Qb3 d5 0-1

[Event "Chigorin Memorial"]
[Site "St Petersburg RUS"]
[Date "2012.10.29"]
[Round "3.36"]
[White "Nezad, Husein Aziz"]
[Black "Bartel, Mateusz"]
[Result "0-1"]
[WhiteTitle "IM"]
[BlackTitle "GM"]
[WhiteElo "2396"]
[BlackElo "2635"]
[WhiteFideId "12100293"]
[BlackFideId "1112635"]
[EventDate "2012.10.27"]

1. d4 Nf6 2. c4 g6 3. Nc3 Bg7 4. e4 O-O 5. Nf3 c6 6. e5 Ne8 7. Be2 d6 8. O-O Bg4
9. Ng5 Bf5 10. f4 Na6 11. Be3 Nec7 12. a3 c5 13. dxc5 Nxc5 14. b4 h6 15. Nf3 Ne4
16. Nxe4 Bxe4 17. Ra2 dxe5 18. Rd2 Qc8 19. Nxe5 Ne6 20. Bg4 h5 21. Bh3 Bxe5 22.
fxe5 Qxc4 23. Rd7 Rae8 24. Bh6 Bc6 25. Rd3 Bb5 26. Bf5 Ng7 27. Rf4 Qc7 28. Bxg7
Bxd3 29. Bxf8 Bxf5 0-1

[Event "Chigorin Memorial"]
[Site "St Petersburg RUS"]
[Date "2012.10.29"]
[Round "3.40"]
[White "Belyakov, Bogdan"]
[Black "Lenderman, Aleksandr"]
[Result "1/2-1/2"]
[WhiteTitle "FM"]
[BlackTitle "GM"]
[WhiteElo "2388"]
[BlackElo "2614"]
[WhiteFideId "24104795"]
[BlackFideId "2021285"]
[EventDate "2012.10.27"]

1. e4 c5 2. Nf3 d6 3. d4 cxd4 4. Nxd4 Nf6 5. Nc3 Nc6 6. Bc4 e6 7. Bb3 a6 8. Be3
Na5 9. f4 Qc7 10. Qf3 Nxb3 11. axb3 Rb8 12. O-O Be7 13. Qg3 g6 14. f5 gxf5 15.
exf5 e5 16. Nf3 Bd7 17. Rad1 Bc6 18. Bg5 h6 19. Bh4 Qd8 20. Kh1 Rh7 21. Bxf6
Bxf6 22. Qg4 Rg7 23. Qh5 e4 24. Rfe1 Bxc3 25. bxc3 Qf6 26. Nd4 d5 27. c4 Kf8 28.
Nxc6 bxc6 29. cxd5 cxd5 30. Rxd5 Re8 31. Qh3 e3 32. Rd3 Qc6 33. c4 e2 34. Qf3
Qxf3 35. Rxf3 Rg4 36. Kg1 Kg7 37. Kf2 Rge4 38. g3 Kf6 39. Rc3 R8e5 40. Kf3 Ke7
41. b4 Kd7 42. g4 Kc6 43. h3 h5 44. gxh5 Rh4 45. Rxe2 Rxf5+ 46. Kg2 Rfxh5 47.
Rf2 f5 48. Ra2 Kb7 49. Re2 Rh7 50. Rf2 Rc7 51. c5 Rxb4 52. Rxf5 a5 53. Rg5 a4
54. Rg4 Rxg4+ 55. hxg4 Kc6 56. Kf3 Ra7 57. Ke4 a3 58. Rc1 a2 59. Ra1 Kxc5 60.
Ke5 Re7+ 61. Kf6 Re2 62. g5 Rf2+ 63. Ke6 Rg2 64. Kf6 Kd6 65. Rd1+ Kc5 66. g6 Kc4
67. g7 Rxg7 68. Kxg7 Kb3 69. Kf6 Kb2 70. Ke5 a1=Q 71. Rxa1 Kxa1 1/2-1/2

[Event "Chigorin Memorial"]
[Site "St Petersburg RUS"]
[Date "2012.10.29"]
[Round "3.41"]
[White "Popov, Ivan RUS"]
[Black "Shuraev, Andrei"]
[Result "1-0"]
[WhiteTitle "GM"]
[BlackTitle "IM"]
[WhiteElo "2614"]
[BlackElo "2368"]
[WhiteFideId "4170350"]
[BlackFideId "4115295"]
[EventDate "2012.10.27"]

1. e4 c5 2. Nf3 e6 3. d4 cxd4 4. Nxd4 Nf6 5. Nc3 Nc6 6. Ndb5 d6 7. Bf4 e5 8. Bg5
a6 9. Na3 b5 10. Bxf6 gxf6 11. Nd5 f5 12. c3 Bg7 13. exf5 Bxf5 14. Nc2 Be6 15.
Be2 O-O 16. O-O Rb8 17. Ncb4 Nxb4 18. Nxb4 Qb6 19. Bf3 Rfc8 20. Be4 Rc4 21. Qd3
Rxb4 22. cxb4 Bc4 23. Bxh7+ Kf8 24. Qd2 Bxf1 25. Rxf1 Rc8 26. g3 Rc4 27. b3 Rc7
28. Rd1 Qd4 29. Qe1 Qb6 30. Be4 Bh6 31. Kg2 Ke7 32. Qe2 Rc1 33. Rd3 Bg7 34. Bd5
Qd8 35. Qh5 Qe8 36. Qg5+ 1-0

[Event "Chigorin Memorial"]
[Site "St Petersburg RUS"]
[Date "2012.10.29"]
[Round "3.42"]
[White "Khusenkhojaev, Muhammad"]
[Black "Swiercz, Dariusz"]
[Result "0-1"]
[BlackTitle "GM"]
[WhiteElo "2377"]
[BlackElo "2609"]
[WhiteFideId "14700247"]
[BlackFideId "1126881"]
[EventDate "2012.10.27"]

1. Nf3 Nf6 2. c4 e6 3. Nc3 Bb4 4. Qc2 c5 5. a3 Ba5 6. e3 O-O 7. d4 b6 8. Be2 Ba6
9. O-O Bxc3 10. Qxc3 cxd4 11. Nxd4 d5 12. cxd5 Bxe2 13. Nxe2 Nxd5 14. Qd2 Nd7
15. b4 Ne5 16. Qd4 Nc6 17. Qc4 Qf6 18. Qa2 Qg6 19. Bb2 Rac8 20. Rac1 Qg4 21. Ng3
Nce7 22. Qb1 Qg6 23. e4 Nf4 24. Be5 Qg5 25. Bd6 Rfd8 26. Rxc8 Rxc8 27. Qb3 Neg6
28. Qf3 e5 29. Nf5 Rc3 30. Ne3 Nh4 31. Qg4 Qxg4 32. Nxg4 f6 33. g3 Nf3+ 34. Kh1
Ne6 35. b5 Ned4 36. a4 Rc8 37. Rd1 Kf7 38. h4 Ke6 39. Bb4 Rc4 40. Bf8 Kf7 41.
Bd6 Rxa4 42. Kg2 Ra2 43. Bb8 Nd2 44. Bxa7 h5 45. Nh2 Nxe4 46. Bxb6 Nxf2 47. Rb1
Ng4+ 48. Kg1 Nxh2 49. Bc5 Ndf3+ 0-1

[Event "Chigorin Memorial"]
[Site "St Petersburg RUS"]
[Date "2012.10.29"]
[Round "3.43"]
[White "Vorobiov, Evgeny E."]
[Black "Kashtanov, Ruslan"]
[Result "1/2-1/2"]
[WhiteTitle "GM"]
[BlackTitle "IM"]
[WhiteElo "2598"]
[BlackElo "2356"]
[WhiteFideId "4121341"]
[BlackFideId "4124871"]
[EventDate "2012.10.27"]

1. d4 Nf6 2. c4 g6 3. g3 Bg7 4. Bg2 O-O 5. Nc3 c5 6. d5 d6 7. Nf3 e6 8. O-O exd5
9. cxd5 Re8 10. Nd2 a6 11. a4 Nbd7 12. h3 Rb8 13. Nc4 Ne5 14. Na3 Nh5 15. Kh2
Bd7 16. Ne4 Bf5 17. Nc3 Bd7 18. Ne4 Bf5 19. Nc3 Bd7 1/2-1/2

[Event "Chigorin Memorial"]
[Site "St Petersburg RUS"]
[Date "2012.10.29"]
[Round "3.44"]
[White "Gabrielian, Artur"]
[Black "Charochkina, Daria"]
[Result "1-0"]
[WhiteTitle "GM"]
[BlackTitle "WGM"]
[WhiteElo "2592"]
[BlackElo "2343"]
[WhiteFideId "4131002"]
[BlackFideId "4180917"]
[EventDate "2012.10.27"]

1. e4 c6 2. d4 d5 3. e5 Bf5 4. Nf3 e6 5. Be2 Nd7 6. O-O Ne7 7. Nbd2 h6 8. Nb3
Bg6 9. Bd2 Nf5 10. a4 Rc8 11. a5 Be7 12. c4 O-O 13. Rc1 dxc4 14. Bxc4 Bh5 15.
Re1 Nh4 16. Be2 Bxf3 17. Bxf3 Nxf3+ 18. Qxf3 Bg5 19. Bxg5 Qxg5 20. Rc3 f6 21.
Qh3 Rce8 22. f4 Qxf4 23. Rf3 Qg5 24. Rg3 Qf4 25. Rf1 Qe4 26. Qxh6 Qh7 27. Qxh7+
Kxh7 28. Re1 f5 29. Rc3 Re7 30. Nd2 b6 31. Rxc6 bxa5 32. Nf3 Rb8 33. Ng5+ Kg8
34. Nxe6 Rxb2 35. Rc8+ Kh7 36. Ng5+ Kg6 37. Nf3 Nb6 38. Rc6+ Kf7 39. Nh4 f4 40.
Nf5 Re6 41. Rc7+ Kf8 42. Rxa7 Rg6 43. g3 Rg5 44. Nd6 fxg3 45. h4 Rg6 46. e6 Nd5
47. Ra8+ Ke7 48. Nf5+ 1-0

[Event "Chigorin Memorial"]
[Site "St Petersburg RUS"]
[Date "2012.10.29"]
[Round "3.45"]
[White "Yandarbiev, Ruslan"]
[Black "Ipatov, Alexander"]
[Result "0-1"]
[WhiteTitle "IM"]
[BlackTitle "GM"]
[WhiteElo "2356"]
[BlackElo "2591"]
[WhiteFideId "4115023"]
[BlackFideId "14116731"]
[EventDate "2012.10.27"]

1. e4 c5 2. Nf3 Nc6 3. d4 cxd4 4. Nxd4 Qb6 5. Nb3 Nf6 6. Nc3 e6 7. Bd3 Be7 8.
O-O d6 9. Kh1 a6 10. f4 O-O 11. a4 Qc7 12. a5 b5 13. axb6 Qxb6 14. Qe2 Nb4 15.
Bc4 d5 16. exd5 exd5 17. Qxe7 dxc4 18. Na4 Qb7 19. Qxb7 Bxb7 20. Nd4 Rad8 21.
Be3 Rfe8 22. Bg1 Ne4 23. Rad1 h5 24. c3 Nd3 25. b3 h4 26. bxc4 h3 27. Rxd3 hxg2+
28. Kxg2 Nc5+ 29. Kg3 Nxd3 30. Rb1 Be4 31. Rb6 Rc8 32. Rxa6 Rxc4 33. Nb5 Rc6 34.
Rxc6 Bxc6 35. c4 Re2 0-1

[Event "Chigorin Memorial"]
[Site "St Petersburg RUS"]
[Date "2012.10.29"]
[Round "3.47"]
[White "Mikhailov, Viacheslav"]
[Black "Halkias, Stelios"]
[Result "1/2-1/2"]
[WhiteTitle "FM"]
[BlackTitle "GM"]
[WhiteElo "2326"]
[BlackElo "2581"]
[WhiteFideId "4187369"]
[BlackFideId "4201809"]
[EventDate "2012.10.27"]

1. e4 e5 2. Nf3 Nc6 3. Bb5 a6 4. Bxc6 dxc6 5. O-O Bd6 6. d4 exd4 7. Qxd4 f6 8.
h3 Ne7 9. Be3 Ng6 10. Nbd2 Be6 11. Nc4 Bxc4 12. Qxc4 Qe7 13. Rfe1 O-O-O 14. Rad1
Rhe8 15. Bc1 c5 16. Qb3 h6 17. Kf1 Qd7 18. Qd5 Qb5+ 19. c4 Qd7 20. Qf5 Qxf5 21.
exf5 Ne7 22. g4 Nc6 23. Rxe8 Rxe8 24. Re1 Rxe1+ 25. Nxe1 b5 26. cxb5 axb5 27.
Be3 Nb4 28. a3 Nd5 29. Nc2 Kd7 30. Ke2 Kc6 31. Bc1 Be5 32. Kd3 Nb6 33. b3 Kd5
34. Ne3+ Kc6 35. Nc2 Bd6 36. Ke4 Nd5 37. Bb2 Nb6 38. h4 Be7 39. Ne3 Nc8 40. g5
Nd6+ 41. Kf3 hxg5 42. hxg5 Nf7 43. g6 Ng5+ 44. Kf4 Nh3+ 45. Kg3 Ng1 46. Ng4 c4
47. bxc4 bxc4 48. Bxf6 Bxf6 49. Nxf6 c3 50. Ng4 c2 51. Ne5+ Kd5 52. Nd3 Ne2+ 53.
Kf3 Nd4+ 54. Ke3 Nxf5+ 55. Kd2 Ne7 56. Nf4+ Ke5 57. Nh5 Nxg6 58. Nxg7 Nf4 59.
Kxc2 Nh3 60. Kc3 Nxf2 1/2-1/2

[Event "Chigorin Memorial"]
[Site "St Petersburg RUS"]
[Date "2012.10.29"]
[Round "3.48"]
[White "Brodsky, Michail"]
[Black "Belousov, Danila"]
[Result "1/2-1/2"]
[WhiteTitle "GM"]
[BlackTitle "FM"]
[WhiteElo "2563"]
[BlackElo "2340"]
[WhiteFideId "14100932"]
[BlackFideId "4167350"]
[EventDate "2012.10.27"]

1. d4 Nf6 2. c4 g6 3. Nc3 d5 4. Bg5 Bg7 5. Bxf6 Bxf6 6. cxd5 c6 7. e4 cxd5 8. e5
Bg7 9. Bb5+ Bd7 10. Qb3 e6 11. Nf3 O-O 12. O-O Nc6 13. Bxc6 Bxc6 14. Rac1 Qb6
15. Qxb6 axb6 16. Ne1 Rfc8 17. Nc2 Bd7 18. Ne3 h5 19. f4 Bf8 20. a3 Rc6 21. Kf2
Rac8 22. Na2 Be7 23. Rfd1 Kg7 24. Ke2 Ra8 25. Rc3 Ra4 26. Rb3 Kf8 27. Nc3 Ra5
28. g3 Kg7 29. Kf3 Ra8 30. Rd2 f5 31. exf6+ Bxf6 32. Ne2 g5 33. fxg5 Bxg5 34.
Nf4 Rf8 35. h4 Bxf4 36. gxf4 Be8 37. Rg2+ Kh7 38. Rg5 Bg6 39. Kg3 Kh6 40. Re5
Be4 41. Rc3 Rg8+ 42. Kf2 Rg6 43. f5 exf5 44. Nxf5+ Bxf5 45. Rxf5 Rg4 46. Rxd5
Rxh4 47. Rxc6+ 1/2-1/2

[Event "Chigorin Memorial"]
[Site "St Petersburg RUS"]
[Date "2012.10.29"]
[Round "3.49"]
[White "Khakimov, Timur"]
[Black "Lintchevski, Daniil"]
[Result "1/2-1/2"]
[WhiteTitle "IM"]
[BlackTitle "GM"]
[WhiteElo "2303"]
[BlackElo "2562"]
[WhiteFideId "4169115"]
[BlackFideId "4171055"]
[EventDate "2012.10.27"]

1. e4 c6 2. d3 d5 3. Nd2 e5 4. Ngf3 Bd6 5. g3 Nf6 6. Bg2 O-O 7. O-O Re8 8. Re1
Nbd7 9. b3 a5 10. Bb2 d4 11. c3 dxc3 12. Bxc3 Bb4 13. Bxb4 axb4 14. Nc4 c5 15.
Nd6 Re6 16. Nf5 Nf8 17. Bh3 Re8 18. Qd2 Bxf5 19. exf5 Qd6 20. Qc2 Rad8 21. Rad1
b6 22. Ng5 h6 23. Ne4 Nxe4 24. dxe4 Qc6 25. Bf1 Nh7 26. Rxd8 Rxd8 27. Rd1 Qc7
28. Bc4 Nf6 29. f3 Kf8 30. Kf2 Ne8 31. Rd3 Ke7 32. Qb2 Rxd3 33. Bxd3 Qd6 34. Ke2
Nc7 35. a4 bxa3 36. Qxa3 b5 37. Qa7 Qc6 38. Qb8 Qd7 39. Qb6 Qd6 40. Qb7 Qd7 41.
f4 Qd6 42. fxe5 Qxe5 43. Bxb5 g6 44. fxg6 fxg6 45. Bc4 Kd7 46. Kf3 Qf6+ 47. Kg2
Qe5 48. Bd5 Qd6 49. Qa7 Ke7 50. Bc4 h5 51. Qa1 Qf6 52. e5 Qc6+ 53. Kf2 Qe4 54.
Qc3 Qf5+ 55. Qf3 Qxe5 56. Qf7+ Kd8 57. Qxg6 Ne8 58. Qe6 Qxe6 59. Bxe6 Ke7 60.
Bc4 Kf6 61. Kf3 Ke5 62. Bf7 Ng7 63. Ke3 Nf5+ 64. Kd3 h4 65. gxh4 1/2-1/2

[Event "Chigorin Memorial"]
[Site "St Petersburg RUS"]
[Date "2012.10.29"]
[Round "3.50"]
[White "Yevseev, Denis"]
[Black "Monin, Nikolay"]
[Result "1/2-1/2"]
[WhiteTitle "GM"]
[BlackTitle "IM"]
[WhiteElo "2545"]
[BlackElo "2325"]
[WhiteFideId "4126378"]
[BlackFideId "4104013"]
[EventDate "2012.10.27"]

1. d4 d5 2. c4 e6 3. Nf3 Nf6 4. g3 dxc4 5. Bg2 c5 6. O-O Nc6 7. Ne5 Bd7 8. Na3
cxd4 9. Naxc4 Be7 10. Qb3 Qc7 11. Nxc6 Bxc6 12. Bf4 Qd8 13. Bxc6+ bxc6 14. Ne5
c5 15. Qa4+ Kf8 16. e3 Nd5 17. exd4 Nxf4 18. gxf4 Qxd4 19. Qc6 Rd8 20. Rad1 Qxd1
21. Rxd1 Rxd1+ 22. Kg2 f6 23. Qf3 Rd5 24. f5 g6 25. fxe6 Rxe5 26. Qb7 g5 27.
Qc8+ Kg7 28. Qd7 Kf8 29. Qc8+ Kg7 30. Qd7 Kf8 31. Qc8+ 1/2-1/2